000 00580cam a2200217 4500
001 1735708
005 20180207034455.0
008 710621s1971 ilua b 001 0 eng
010 _a 74138939
020 _a0815123337
040 _aDLC
_cDLC
_dDLC
041 _aeng
080 _a612.3 HOR
082 0 0 _a612.3 HOR
100 1 _a48
101 _aPSI
245 1 0 _aPhysiology of the digestive tract;
_c[by] Horace W. Davenport.
504 _aIncludes bibliographies.
906 _a7
_bcbc
_corignew
_d2
_encip
_f19
_gy-gencatlg
942 _2ddc
_cBK
999 _c41978
_d41978